Statistics for Memphis Grizzlies: Leading Scorer Every Year

Click here to take the quiz!

General Stats

  • This quiz has been taken 578 times
    (267 since last reset)
  • The average score is 20 of 28

Answer Stats

YearPlayerAverage% Correct
2022-2023Ja Morant26.2
100%
2021-2022Ja Morant27.4
100%
2020-2021Ja Morant19.1
100%
2019-2020Ja Morant17.8
100%
2015-2016Marc Gasol16.6
97%
2014-2015Marc Gasol17.4
97%
2001-2002Pau Gasol17.6
97%
2002-2003Pau Gasol19.0
97%
2003-2004Pau Gasol17.7
97%
2004-2005Pau Gasol17.8
97%
2005-2006Pau Gasol20.4
97%
2006-2007Pau Gasol20.8
97%
2018-2019Mike Conley21.1
85%
2016-2017Mike Conley20.5
85%
2013-2014Zach Randolph17.4
84%
2009-2010Zach Randolph20.8
84%
2010-2011Zach Randolph20.1
84%
1996-1997Shareef Abdur-Rahim18.7
43%
2000-2001Shareef Abdur-Rahim20.5
43%
1999-2000Shareef Abdur-Rahim20.3
43%
1998-1999Shareef Abdur-Rahim23.0
43%
1997-1998Shareef Abdur-Rahim22.3
43%
2011-2012Rudy Gay19.0
42%
2012-2013Rudy Gay17.2
42%
2008-2009Rudy Gay18.9
42%
2007-2008Rudy Gay20.1
42%
2017-2018Tyreke Evans19.4
13%
1995-1996Greg Anthony14.0
9%

Score Distribution

Percentile by Number Answered

Percent of People with Each Score

Your Score History

You have not taken this quiz since the last reset